Analýza poistnej regulácie PRIIPs

PRIIP (Packaged Retail Investment and Insurance Based Products) regulácia sa považuje za základný kameň regulácie finančného odvetvia z hľadiska ochrany spotrebiteľa, keďže si dáva za cieľ zlepšiť kvalitu, ako aj obsah a formu informácií, ktoré musia byť poskytnuté spotrebiteľom. Regulácia vyžaduje...

Descripción completa

Guardado en:
Detalles Bibliográficos
Autor principal: Kamenárová, Mária
Formato: Capítulo de libro
Lenguaje:eslovaco
Materias:
Etiquetas: Agregar Etiqueta
Sin Etiquetas, Sea el primero en etiquetar este registro!

MARC

LEADER 00000nla a2200000 4500
001 0228033
005 20240502073745.1
041 0 |a slo 
044 |a SK 
245 1 0 |a Analýza poistnej regulácie PRIIPs  |c Mária Kamenárová 
520 |a PRIIP (Packaged Retail Investment and Insurance Based Products) regulácia sa považuje za základný kameň regulácie finančného odvetvia z hľadiska ochrany spotrebiteľa, keďže si dáva za cieľ zlepšiť kvalitu, ako aj obsah a formu informácií, ktoré musia byť poskytnuté spotrebiteľom. Regulácia vyžaduje zavedenie štandardizovaného "Dokumentu s kľúčovými informáciami" tzv. KID, ktorý je dizajnovaný spôsobom, aby jednoducho a prístupne predstavil spotrebiteľovi základné prvky investičných produktov. Definovanie PRIIP produktu a KID. V príspevku sa venuje pozornosť iba investičným produktom založeným na poistení. Problémy implementácie regulácie PRIIP v praxi. Implementácia Nariadenia o PRIIPs sa odložila o rok s dátumom účinnosti 1.1.2018. 
610 2 0 |a poisťovníctvo 
610 2 0 |a produkty 
610 2 0 |a regulácia 
610 2 0 |a ochrana spotrebiteľa 
610 2 0 |a informácie 
100 1 |a Kamenárová, Mária